| 000 | 01321nam a2200313Ia 4500 | ||
|---|---|---|---|
| 003 | OSt | ||
| 005 | 20200901133759.0 | ||
| 008 | 191128s2017 ck a gr 000 0 spa d | ||
| 020 | _a9789583056604 | ||
| 040 |
_aCO-JMCR _cCO-JMCR |
||
| 041 | 0 | _aspa | |
| 082 | 0 | 4 |
_a372.35 / _bM433c _223 |
| 100 | 1 |
_aMatijasevic, Sanja, _eautora _99587 |
|
| 245 | 1 | 0 |
_aCiencia para niños / _cSanja Matijasevic, Vesna Kartal, Dragoslava Gunjic |
| 250 | _aPrimera edición | ||
| 260 |
_aBogotá : _bPanamericana, _c2017. |
||
| 300 |
_a135 páginas : _b ilustraciones a color ; _c24 cm. |
||
| 505 | 0 | _aEl barril sin fondo -- La botella loca -- El huevo obediente -- Desde peces hasta viajes a la luna | |
| 520 | 0 | _a¡Juguemos y aprendamos juntos! ¿Qué te gustaría ser?¿Un científico curioso, un gran matemático o un explorador? En este libro encontrarás ideas de juegos y actividades divertidas que te ayudarán a comprender varios aspectos. | |
| 650 | 2 | 4 |
_aCiencia _xEnseñanza elemental _99588 |
| 650 | 2 | 4 |
_aExperimentos _xReacciones químicas _99589 |
| 650 | 2 | 4 |
_aEnseñanza elemental _99590 |
| 650 | 2 | 4 |
_aExperimentos Botánica _99591 |
| 650 | 2 | 4 |
_aEnseñanza elemental _99590 |
| 650 | 2 | 4 |
_aExperimentos Electricidad _99592 |
| 650 | 2 | 4 |
_aEnseñanza elemental _99590 |
| 650 | 2 | 4 |
_aExperimentos _99593 |
| 942 |
_2ddc _cBK |
||
| 999 |
_c4458 _d4458 |
||